Status Of Women in Indian Society (Ancient To Modern), (Vol. - 2) (Record no. 43310)

MARC details
000 -LEADER
fixed length control field 00516nam a2200193Ia 4500
008 - FIXED-LENGTH DATA ELEMENTS--GENERAL INFORMATION
fixed length control field 220531s9999 xx 000 0 und d
041 ## - LANGUAGE CODE
Language code of text/sound track or separate title eng
082 ## - DEWEY DECIMAL CLASSIFICATION NUMBER
Item number STA / KHA
100 ## - MAIN ENTRY--PERSONAL NAME
Personal name Khandelwal, Vimla
9 (RLIN) 78133
245 ## - TITLE STATEMENT
Title Status Of Women in Indian Society (Ancient To Modern), (Vol. - 2)
250 ## - EDITION STATEMENT
Edition statement 1ST
260 ## - PUBLICATION, DISTRIBUTION, ETC. (IMPRINT)
Place of publication, distribution, etc. Jaipur
Name of publisher, distributor, etc. Shree Niwas
Date of publication, distribution, etc. 2016
300 ## - PHYSICAL DESCRIPTION
Extent 315
542 ## - INFORMATION RELATING TO COPYRIGHT STATUS
Copyright holder 19-09-2017
551 ## -
-- Sociology
-- UGC
650 ## - SUBJECT ADDED ENTRY--TOPICAL TERM
Topical term or geographic name as entry element Sociology
9 (RLIN) 78134
906 ## - LOCAL DATA ELEMENT F, LDF (RLIN)
d 2017-2018
f 11501
Holdings
Withdrawn status Lost status Source of classification or shelving scheme Damaged status Not for loan Collection code Home library Current library Date acquired Vendor Cost, normal purchase price Total Checkouts Total Holds Full call number Barcode Date last seen Cost, replacement price Bill Date Koha item type Original Barcode
    Dewey Decimal Classification       Shri Siddhivinayak Mahila Mahavidyalaya Shri Siddhivinayak Mahila Mahavidyalaya 02/11/2017 Classic Book 995.00   1 /STA/KHA/B/23076 SSMM-BK-23076 06/08/2022 995.00 06/08/2022 Books 010023076